|
|
|
|
| LEADER |
03305nam a2200517 4500 |
| 001 |
978-3-319-97934-2 |
| 003 |
DE-He213 |
| 005 |
20191024142113.0 |
| 007 |
cr nn 008mamaa |
| 008 |
180803s2018 gw | s |||| 0|eng d |
| 020 |
|
|
|a 9783319979342
|9 978-3-319-97934-2
|
| 024 |
7 |
|
|a 10.1007/978-3-319-97934-2
|2 doi
|
| 040 |
|
|
|d GrThAP
|
| 050 |
|
4 |
|a LB1028.43-1028.75
|
| 072 |
|
7 |
|a JNV
|2 bicssc
|
| 072 |
|
7 |
|a EDU039000
|2 bisacsh
|
| 072 |
|
7 |
|a JNV
|2 thema
|
| 082 |
0 |
4 |
|a 374.26
|2 23
|
| 245 |
1 |
0 |
|a Higher Education for All. From Challenges to Novel Technology-Enhanced Solutions
|h [electronic resource] :
|b First International Workshop on Social, Semantic, Adaptive and Gamification Techniques and Technologies for Distance Learning, HEFA 2017, Maceió, Brazil, March 20-24, 2017, Revised Selected Papers /
|c edited by Alexandra I. Cristea, Ig Ibert Bittencourt, Fernanda Lima.
|
| 250 |
|
|
|a 1st ed. 2018.
|
| 264 |
|
1 |
|a Cham :
|b Springer International Publishing :
|b Imprint: Springer,
|c 2018.
|
| 300 |
|
|
|a XII, 207 p. 57 illus.
|b online resource.
|
| 336 |
|
|
|a text
|b txt
|2 rdacontent
|
| 337 |
|
|
|a computer
|b c
|2 rdamedia
|
| 338 |
|
|
|a online resource
|b cr
|2 rdacarrier
|
| 347 |
|
|
|a text file
|b PDF
|2 rda
|
| 490 |
1 |
|
|a Communications in Computer and Information Science,
|x 1865-0929 ;
|v 832
|
| 505 |
0 |
|
|a Higher Education online around the world -- User modelling and grouping -- Technology-enhanced Solutions: Gamification and educational games.
|
| 520 |
|
|
|a This book constitutes the thoroughly refereed proceedings of the Researcher Links Workshop: Higher Education for All, held in Maceió, Brazil, in March 2017. The 12 full papers presented were carefully reviewed and selected from 31 submissions. The papers deal with a large spectrum of topics, including higher education, technology-enhanced solutions, user modelling, user grouping, gamification, educational games, MOOCs, e-learning, open educational resources, collaborative learning, student modelling, serious games, language analysis.
|
| 650 |
|
0 |
|a Education-Data processing.
|
| 650 |
|
0 |
|a Computer programming.
|
| 650 |
|
0 |
|a Big data.
|
| 650 |
1 |
4 |
|a Computers and Education.
|0 http://scigraph.springernature.com/things/product-market-codes/I24032
|
| 650 |
2 |
4 |
|a Web Development.
|0 http://scigraph.springernature.com/things/product-market-codes/I29050
|
| 650 |
2 |
4 |
|a Big Data.
|0 http://scigraph.springernature.com/things/product-market-codes/I29120
|
| 700 |
1 |
|
|a Cristea, Alexandra I.
|e editor.
|0 (orcid)0000-0002-1454-8822
|1 https://orcid.org/0000-0002-1454-8822
|4 edt
|4 http://id.loc.gov/vocabulary/relators/edt
|
| 700 |
1 |
|
|a Bittencourt, Ig Ibert.
|e editor.
|0 (orcid)0000-0001-5676-2280
|1 https://orcid.org/0000-0001-5676-2280
|4 edt
|4 http://id.loc.gov/vocabulary/relators/edt
|
| 700 |
1 |
|
|a Lima, Fernanda.
|e editor.
|0 (orcid)0000-0001-6300-818X
|1 https://orcid.org/0000-0001-6300-818X
|4 edt
|4 http://id.loc.gov/vocabulary/relators/edt
|
| 710 |
2 |
|
|a SpringerLink (Online service)
|
| 773 |
0 |
|
|t Springer eBooks
|
| 776 |
0 |
8 |
|i Printed edition:
|z 9783319979335
|
| 776 |
0 |
8 |
|i Printed edition:
|z 9783319979359
|
| 830 |
|
0 |
|a Communications in Computer and Information Science,
|x 1865-0929 ;
|v 832
|
| 856 |
4 |
0 |
|u https://doi.org/10.1007/978-3-319-97934-2
|z Full Text via HEAL-Link
|
| 912 |
|
|
|a ZDB-2-SCS
|
| 950 |
|
|
|a Computer Science (Springer-11645)
|